01012nam a22002657a 450000500170000001000130001702000230003003500130005303700160006604000120008208200180009410000280011224500730014025000110021326000440022427000500026830000340031850000220035265000390037465000270041394200270044099900190046795201310048695201290061720170124110203.0 aA-782190 c150.00a8120309952 aA-782190 bCen Lib/Ret aDPLbEN a001.6424bFUL aFulton, Jennifer936693 aThe complete idiot's guide to word for windows /cby Jennifer Fulton a2nd ed aNew DelhibPrentice-Hall of Indiac1996 aM-97, Connaught Circus bNew Delhie110001 axviii,316p. :c24cm(Hb)bill. aIncludes index  aWordPerfect (Computer file)936694 aWord processing936695 2ddccENh001.6424mFUL c133062d133062 00104070aLbLd2015-07-24eCen Lib/Ret g150.00l0o001.6424 FULpA-782190r2015-07-24 00:00:00t1v150.00w2015-07-24yEN 00104070aLbLd2015-07-25eCen Lib/Retg150.00l0o001.6424 FULpA-782189r2015-07-25 00:00:00t2v150.00w2015-07-25yEN